000 00572nam a2200229Ia 4500
003 OSt
005 20220924134630.0
006 a|||||r|||| 00| 0
007 ta
008 220923b |||||||| |||| 00| 0 mal d
024 _a283111
037 _cTextual
040 _aARTS
_cARTS
_bmal
041 _2mal
_amal
082 _aO32,3N25,14, K4
100 _aNanda Kumar
_9208873
245 0 _aStepini
260 _c1964
650 _aMALAYALAM LITERATURE
_938866
942 _hO32,3N25,14, K4
_cTEXL
_2CC
999 _c438074
_d438074